Work and Wages

Saved in:
Bibliographic Details
Format: Book
Language:English
Published: London Green and Company [s.a.]
Tags: Add Tag
No Tags, Be the first to tag this record!

MARC

LEADER 00000nam a2200000 4500
001 0307315
005 20250226093726.1
041 0 |a eng 
044 |a GB 
245 1 0 |a Work and Wages  |c Sydney J. Chapman 
264 1 |a London  |b Green and Company  |c [s.a.]